Welcome to Marium Abdulla Library

Embrace knowledge with a breath of fresh air.

Browse Collection

Marium Abdulla Library

Impressionism (Record no. 12198)

MARC details
000 -LEADER
fixed length control field 00386nam a2200181Ia 4500
001 - CONTROL NUMBER
control field 13019
005 - DATE AND TIME OF LATEST TRANSACTION
control field 20250626030808.0
008 - FIXED-LENGTH DATA ELEMENTS--GENERAL INFORMATION
fixed length control field 211022s9999 xx 000 0 und d
020 ## - INTERNATIONAL STANDARD BOOK NUMBER
International Standard Book Number 0831748877
082 ## - DEWEY DECIMAL CLASSIFICATION NUMBER
Classification number 759.054 HIL
100 ## - MAIN ENTRY--PERSONAL NAME
Personal name Hill, Ian Barras
245 #0 - TITLE STATEMENT
Title Impressionism
260 ## - PUBLICATION, DISTRIBUTION, ETC.
Place of publication, distribution, etc. New York
260 ## - PUBLICATION, DISTRIBUTION, ETC.
Name of publisher, distributor, etc. Galley Press
260 ## - PUBLICATION, DISTRIBUTION, ETC.
Date of publication, distribution, etc. 1980
300 ## - PHYSICAL DESCRIPTION
Extent 72
942 ## - ADDED ENTRY ELEMENTS (KOHA)
Koha item type Book
Holdings
Date last seen Total checkouts Full call number Barcode Price effective from Koha item type Lost status Damaged status Not for loan Collection Withdrawn status Home library Current library Shelving location Date acquired Source of acquisition Cost, normal purchase price
10/26/2021   759.054 HIL 13019 10/26/2021 Book       Fine Arts   Marium Abdulla Library Marium Abdulla Library Non-Ref 11/17/2017 Ayesha Abdulla 2500.00